| 000 | 00520nam a22001217a 4500 | ||
|---|---|---|---|
| 082 | _a220 PRO | ||
| 100 |
_aNC Asmaa Khalid PC Tahir Mahmood NC Umair Shafique _971450 |
||
| 245 | _aPR-SOF-1774-Development of 5 DOF Upper-Limb Wearable Exoskeleton for assistive purpose of Post- Stroke patients using Series Elastic Actuation | ||
| 260 |
_aISLAMABAD _bNUST COLEGE OF EME _c2019 |
||
| 650 |
_a DE-MTS-37 DECLASS _971451 |
||
| 700 |
_aSupervisors Dr. MubasherSaleem Dr. Umar Shahbaz Khan LE Umar Masood _971452 |
||
| 942 | _cCR | ||
| 999 |
_c577967 _d577967 |
||